Development plan for the period 1979 -1983 (Record no. 63507)

MARC details
000 -LEADER
fixed length control field 00705nam a2200157 a 4500
008 - FIXED-LENGTH DATA ELEMENTS--GENERAL INFORMATION
fixed length control field 120416nuuuuuuuuxx |||||||||||||| || u
050 ## - LIBRARY OF CONGRESS CALL NUMBER
Classification number HC 865 Ken
245 00 - TITLE STATEMENT
Title Development plan for the period 1979 -1983
Statement of responsibility, etc. Office of the Presdent, Kenya
260 ## - PUBLICATION, DISTRIBUTION, ETC.
Date of publication, distribution, etc. Nairobi
300 ## - PHYSICAL DESCRIPTION
Extent 2 vol. : ill
350 ## -
-- 0.00
650 #0 - SUBJECT ADDED ENTRY--TOPICAL TERM
Topical term or geographic name entry element ECONOMICS
650 ## - SUBJECT ADDED ENTRY--TOPICAL TERM
Topical term or geographic name entry element ECONOMIC DEVELOPMENT PLAN--KENYA--1979-1983
995 ## -
-- ANNEX COLLECTION (Main Library)
-- 0.00
-- 701131
-- CBU-MAIN LIBRARY (Kitwe)
-- 2
-- 0.00
-- HC 865 Ken
-- 2
-- AVAILABLE
-- 002983
-- Annex Low-Usage Collection
995 ## -
-- ANNEX COLLECTION (Main Library)
-- 0.00
-- 701130
-- CBU-MAIN LIBRARY (Kitwe)
-- 1
-- 0.00
-- HC 865 Ken
-- 1
-- AVAILABLE
-- 002981
-- Annex Low-Usage Collection
999 ## -
-- 63507
-- 63507
Holdings
Withdrawn status Lost status Source of classification or shelving scheme Damaged status Not for loan Permanent Location Current Location Shelving location Date acquired Total Checkouts Full call number Barcode Date last seen Copy number Price effective from Koha item type
          CBU-MAIN LIBRARY, KITWE. CBU-MAIN LIBRARY, KITWE.   12/27/2022   HC 865 Ken 002983 12/27/2022 2 12/27/2022 MONOGRAPH
          CBU-MAIN LIBRARY, KITWE. CBU-MAIN LIBRARY, KITWE.   12/27/2022   HC 865 Ken 002981 12/27/2022 1 12/27/2022 MONOGRAPH